<?xml version="1.0" encoding="UTF-8"?>
<record
    xmlns:xsi="http://www.w3.org/2001/XMLSchema-instance"
    xsi:schemaLocation="http://www.loc.gov/MARC21/slim http://www.loc.gov/standards/marcxml/schema/MARC21slim.xsd"
    xmlns="http://www.loc.gov/MARC21/slim">

  <leader>00415    a2200121   4500</leader>
  <controlfield tag="001">ART_46120</controlfield>
  <controlfield tag="005">20260410161731.0</controlfield>
  <controlfield tag="008">260409a                                 </controlfield>
  <datafield tag="245" ind1="1" ind2="0">
    <subfield code="a">El resultado global y la utilidad de la informaci&#xF3;n contable</subfield>
  </datafield>
  <datafield tag="100" ind1="1" ind2=" ">
    <subfield code="a">Casal, Mar&#xED;a del Carmen</subfield>
  </datafield>
  <datafield tag="700" ind1="1" ind2=" ">
    <subfield code="a">Maestromey, Marcelina</subfield>
  </datafield>
  <datafield tag="773" ind1="0" ind2=" ">
    <subfield code="t">Escritos contables y de administraci&#xF3;n</subfield>
    <subfield code="g">- Vol. 1, N&#xBA; 2 (jul./dic. 2010)</subfield>
    <subfield code="w">REV2758</subfield>
  </datafield>
  <datafield tag="999" ind1=" " ind2=" ">
    <subfield code="c">17872</subfield>
    <subfield code="d">17872</subfield>
  </datafield>
</record>
